Enterprise one : English for the commercial world = Tiếng Anh trong giao dịch thương mại quốc tế /
Sách cung cấp các kỹ năng cơ bản tiếng Anh: nghe, nói, đọc, viết gồm 10 unit với các tình huống trong công việc thương mại hàng ngày như In the office, At the airport... dàng cho học viên ở trình độ sơ cấp kèm minh hoạ thực tế các bài tập thực hành liên quan về nhiều kỹ năng. Phần sau sách có phần S...
Guardado en:
| Autor principal: | |
|---|---|
| Autor Corporativo: | |
| Otros Autores: | |
| Formato: | Libro |
| Lenguaje: | English |
| Publicado: |
Tp.HCM :
Nxb. Trẻ,
2001.
|
| Edición: | 2001 ed. |
| Materias: | |
| Etiquetas: |
Agregar Etiqueta
Sin Etiquetas, Sea el primero en etiquetar este registro!
|
| Thư viện lưu trữ: | Mạng thư viện Đại học Đà Nẵng |
|---|
| LEADER | 01758nam a2200361 a 4500 | ||
|---|---|---|---|
| 001 | 000041611 | ||
| 003 | 18656 | ||
| 005 | 20190731155535.0 | ||
| 008 | 171030s2001 | ||
| 040 | |a Lnn |c Lnn |d Lnn | ||
| 041 | 0 | |a eng | |
| 082 | 1 | 4 | |a 428.0076 |b MO-C |
| 100 | 1 | |a Moore, C.L. | |
| 245 | 1 | 0 | |a Enterprise one : |b English for the commercial world = Tiếng Anh trong giao dịch thương mại quốc tế / |c C. L. Moore, Judy West ; chú giải: ban biên dịch First News. |
| 246 | 3 | 1 | |a Tiếng Anh trong giao dịch thương mại quốc tế. |
| 250 | |a 2001 ed. | ||
| 260 | |a Tp.HCM : |b Nxb. Trẻ, |c 2001. | ||
| 300 | |a 158 p. ; |c 20,5 cm. | ||
| 500 | |a Students' book and workbook. | ||
| 520 | 3 | |a Sách cung cấp các kỹ năng cơ bản tiếng Anh: nghe, nói, đọc, viết gồm 10 unit với các tình huống trong công việc thương mại hàng ngày như In the office, At the airport... dàng cho học viên ở trình độ sơ cấp kèm minh hoạ thực tế các bài tập thực hành liên quan về nhiều kỹ năng. Phần sau sách có phần Summary of grammar and new language và Vocabulary list. | |
| 630 | 0 | 4 | |a English language. |
| 650 | 0 | 4 | |a English language |x Textbooks for foreign speakers. |
| 700 | 1 | |a West, Judy. | |
| 710 | 2 | |a Ban biên dịch First News. | |
| OWN | |a LNN | ||
| AVA | |a UDN50 |b LNN |c English |d 428.01 MO-C |e available |t Error 5001 Not defined in file expand_doc_bib_avail. |f 1 |g 0 |h N |i 0 |j AN |k 1 | ||
| 999 | |a From the UDN01 | ||
| AVA | |a UDN50 |b LNN |c English |d 428.01 MO-C |e available |t Error 5001 Not defined in file expand_doc_bib_avail. |f 1 |g 0 |h N |i 0 |j AN |k 1 | ||
| TYP | |a Monograph | ||
| TYP | |a Printed language | ||
| 980 | |a Mạng thư viện Đại học Đà Nẵng | ||